Differential and integral calculus (Record no. 142)

MARC details
000 -LEADER
Fixed length control field 00440nam a2200181 4500
003 - CONTROL NUMBER IDENTIFIER
Control field SEACOMMC
005 - DATE AND TIME OF LATEST TRANSACTION
Control field 20231011091314.0
008 - FIXED-LENGTH DATA ELEMENTS--GENERAL INFORMATION
Fixed length control field 231011b |||||||| |||| 00| 0 eng d
020 ## - INTERNATIONAL STANDARD BOOK NUMBER / ISBN
Price Rs. 120.00
040 ## - CATALOGING SOURCE
Original cataloging agency SEACOMMC
082 ## - DEWEY DECIMAL CLASSIFICATION NUMBER
Classification number 515.33
Book Number PIS
100 1# - MAIN ENTRY--PERSONAL NAME
Personal name Piskunov, N.
245 1# - TITLE STATEMENT
Title Differential and integral calculus
Statement of responsibility N. Piskunov
260 ## - IMPRINT
Place of publication New Delhi
Name of publisher C B S
Date of publication 1999
650 ## - SUBJECT ADDED ENTRY--TOPICAL TERM
Topical term Mathematics
650 ## - SUBJECT ADDED ENTRY--TOPICAL TERM
Topical term Analysis
942 ## - ADDED ENTRY ELEMENTS (KOHA)
Koha item type Books
Holdings
Withdrawn status Lost status Source of classification Damaged status Not for loan Home library Current library Date acquired Total Checkouts Call number Accession number Date last seen Price effective from Koha item type
    Dewey Decimal Classification     SEACOM MANAGEMENT COLLEGE SEACOM MANAGEMENT COLLEGE 27/07/2006   515.33 PIS 014589 11/10/2023 11/10/2023 Books
    Dewey Decimal Classification     SEACOM MANAGEMENT COLLEGE SEACOM MANAGEMENT COLLEGE 27/07/2006   515.33 PIS 014590 11/10/2023 11/10/2023 Books
    Dewey Decimal Classification     SEACOM MANAGEMENT COLLEGE SEACOM MANAGEMENT COLLEGE 27/07/2006   515.33 PIS 014591 11/10/2023 11/10/2023 Books
    Dewey Decimal Classification     SEACOM MANAGEMENT COLLEGE SEACOM MANAGEMENT COLLEGE 27/07/2006   515.33 PIS 014592 11/10/2023 11/10/2023 Books
    Dewey Decimal Classification     SEACOM MANAGEMENT COLLEGE SEACOM MANAGEMENT COLLEGE 27/07/2006   515.33 PIS 014593 11/10/2023 11/10/2023 Books
    Dewey Decimal Classification     SEACOM MANAGEMENT COLLEGE SEACOM MANAGEMENT COLLEGE 27/07/2006   515.33 PIS 014594 11/10/2023 11/10/2023 Books
    Dewey Decimal Classification     SEACOM MANAGEMENT COLLEGE SEACOM MANAGEMENT COLLEGE 27/07/2006   515.33 PIS 014595 11/10/2023 11/10/2023 Books
    Dewey Decimal Classification     SEACOM MANAGEMENT COLLEGE SEACOM MANAGEMENT COLLEGE 27/07/2006   515.33 PIS 014596 11/10/2023 11/10/2023 Books
    Dewey Decimal Classification     SEACOM MANAGEMENT COLLEGE SEACOM MANAGEMENT COLLEGE 27/07/2006   515.33 PIS 014597 11/10/2023 11/10/2023 Books
    Dewey Decimal Classification     SEACOM MANAGEMENT COLLEGE SEACOM MANAGEMENT COLLEGE 27/07/2006   515.33 PIS 014598 11/10/2023 11/10/2023 Books
    Dewey Decimal Classification     SEACOM MANAGEMENT COLLEGE SEACOM MANAGEMENT COLLEGE 27/07/2006   515.33 PIS 014599 11/10/2023 11/10/2023 Books
    Dewey Decimal Classification     SEACOM MANAGEMENT COLLEGE SEACOM MANAGEMENT COLLEGE 27/07/2006   515.33 PIS 014600 11/10/2023 11/10/2023 Books
    Dewey Decimal Classification     SEACOM MANAGEMENT COLLEGE SEACOM MANAGEMENT COLLEGE 27/07/2006   515.33 PIS 014601 11/10/2023 11/10/2023 Books
    Dewey Decimal Classification     SEACOM MANAGEMENT COLLEGE SEACOM MANAGEMENT COLLEGE 27/07/2006   515.33 PIS 014602 11/10/2023 11/10/2023 Books
    Dewey Decimal Classification     SEACOM MANAGEMENT COLLEGE SEACOM MANAGEMENT COLLEGE 27/07/2006   515.33 PIS 014603 11/10/2023 11/10/2023 Books
© Seacom Engineering College, All rights reserved.    Powered by Koha